Etica de la comunicación y nuevos retos sociales. Códigos y recomendaciones para los medios
Gespeichert in:
| 1. Verfasser: | |
|---|---|
| Format: | Buch |
| Sprache: | Spanisch |
| Veröffentlicht: |
Barcelona
Paidós
2005
|
| Schriftenreihe: | Papeles de Comunicación, 45
|
| Schlagworte: | |
| Tags: |
Tag hinzufügen
Keine Tags, Fügen Sie den ersten Tag hinzu!
|
MARC
| LEADER | 00000nam a2200000 a 4500 | ||
|---|---|---|---|
| 001 | UCI1811 | ||
| 003 | CL-VaPUC | ||
| 008 | 070720e20050000SP |||||||||||||||||spa|d | ||
| 020 | |a 8449316855 | ||
| 082 | 0 | 4 | |a 302.4 |b AZN |2 21 |
| 100 | 0 | |a Aznar, Hugo |e author |9 522542 | |
| 245 | 1 | 0 | |a Etica de la comunicación y nuevos retos sociales. Códigos y recomendaciones para los medios |
| 300 | |a 319 p | ||
| 942 | |c BK | ||
| 945 | |d 20070720 00:00:00 |a rbrito | ||
| 260 | |a Barcelona |b Paidós |c 2005 | ||
| 650 | 0 | |a Comunicación |9 257251 | |
| 650 | 7 | |a ETICA DE LA COMUNICACION |2 CL-VaPUC |9 334574 | |
| 650 | 7 | |a COMUNICACION DE MASAS |2 CL-VaPUC |9 334823 | |
| 650 | 0 | |a Política de la comunicación |9 334449 | |
| 650 | 0 | |a Sociología de la comunicación |9 337679 | |
| 650 | 0 | |a Libertad de prensa |9 255610 | |
| 650 | 0 | |a Responsabilidad social |9 339076 | |
| 650 | 0 | |a Periodismo |9 310113 | |
| 650 | 0 | |a Ética periodística |9 257096 | |
| 650 | 0 | |a Terrorismo |9 255070 | |
| 583 | |a last modification |c 20070720 00:00:00 |k Rodrigo Vera | ||
| 490 | 0 | |a Papeles de Comunicación, 45 | |
| 999 | |c 326545 |d 326543 | ||
| 952 | |0 0 |1 0 |4 0 |6 302_400000000000000_AZN_2005 |7 0 |8 A |9 408472 |a BIBCUR |b BIBCUR |d 2019-11-22 |i 4358902 |o 302.4 AZN 2005 |p 4358902 |r 2025-04-22 |w 2019-11-22 |y BK |k PER | ||
| 952 | |0 0 |1 0 |4 0 |6 302_400000000000000_AZN_2005 |7 0 |8 A |9 408473 |a BIBCUR |b BIBCUR |d 2019-11-22 |i 4682920 |o 302.4 AZN 2005 |p 4682920 |r 2025-04-22 |w 2019-11-22 |y BK |k PER | ||
| 952 | |0 0 |1 0 |4 0 |6 302_400000000000000_AZN_2005 |7 0 |8 A |9 408474 |a BIBCUR |b BIBCUR |d 2019-11-22 |i 4752716 |o 302.4 AZN 2005 |p 4752716 |r 2025-04-22 |w 2019-11-22 |y BK |k PER | ||